The history of science. (Record no. 270428)
[ view plain ]
| 000 -LEADER | |
|---|---|
| fixed length control field | 02380cim a2200433Ka 4500 |
| 001 - CONTROL NUMBER | |
| control field | ocm60494687 |
| 003 - CONTROL NUMBER IDENTIFIER | |
| control field | OCoLC |
| 005 - DATE AND TIME OF LATEST TRANSACTION | |
| control field | 20200320183449.0 |
| 007 - PHYSICAL DESCRIPTION FIXED FIELD--GENERAL INFORMATION | |
| fixed length control field | sd fungnn||||d |
| 008 - FIXED-LENGTH DATA ELEMENTS--GENERAL INFORMATION | |
| fixed length control field | 050526s2003 vaunnn r l eng d |
| 020 ## - INTERNATIONAL STANDARD BOOK NUMBER | |
| International Standard Book Number | 1565858379 |
| 020 ## - INTERNATIONAL STANDARD BOOK NUMBER | |
| International Standard Book Number | 9781565858374 |
| 020 ## - INTERNATIONAL STANDARD BOOK NUMBER | |
| Terms of availability | 89.98 |
| 024 1# - OTHER STANDARD IDENTIFIER | |
| Standard number or code | 9791565858373 |
| 028 02 - PUBLISHER NUMBER | |
| Publisher number | 1210 |
| Source | The Teaching Company |
| 028 02 - PUBLISHER NUMBER | |
| Publisher number | 1210-03 |
| Source | The Teaching Company |
| 035 ## - SYSTEM CONTROL NUMBER | |
| System control number | (OCoLC)60494687 |
| 040 ## - CATALOGING SOURCE | |
| Original cataloging agency | NVC |
| Transcribing agency | NVC |
| Modifying agency | OCL |
| -- | OCLCQ |
| -- | WACOL |
| 049 ## - LOCAL HOLDINGS (OCLC) | |
| Holding library | WACL |
| 090 ## - LOCALLY ASSIGNED LC-TYPE CALL NUMBER (OCLC); LOCAL CALL NUMBER (OCLC) | |
| Classification number (OCLC) (R) ; Classification number, CALL (RLIN) (NR) | Q125 |
| Local cutter number (OCLC) ; Book number/undivided call number, CALL (RLIN) | .G74 2003 |
| 092 ## - LOCALLY ASSIGNED DEWEY CALL NUMBER (OCLC) | |
| Classification number | CD 501 |
| Item number | Gre |
| 100 1# - MAIN ENTRY--PERSONAL NAME | |
| Personal name | Gregory, Frederick. |
| 9 (RLIN) | 5851416 |
| 245 14 - TITLE STATEMENT | |
| Title | The history of science. |
| Medium | [sound recording] : |
| Remainder of title | 1700-1900 / |
| Statement of responsibility, etc | Professor Frederick Gregory. |
| 260 ## - PUBLICATION, DISTRIBUTION, ETC. (IMPRINT) | |
| Place of publication, distribution, etc | Chantilly, VA : |
| Name of publisher, distributor, etc | Teaching Co., |
| Date of publication, distribution, etc | c2003. |
| 300 ## - PHYSICAL DESCRIPTION | |
| Extent | 6 sound discs : |
| Other physical details | digital ; |
| Dimensions | 4 3/4 in. + |
| Accompanying material | 1 course guidebook (22 cm.) |
| 490 1# - SERIES STATEMENT | |
| Series statement | The great courses |
| 511 0# - PARTICIPANT OR PERFORMER NOTE | |
| Participant or performer note | 12 lectures delivered by Professor Frederick Gregory, University of Florida. |
| 500 ## - GENERAL NOTE | |
| General note | Compact discs. |
| 505 0# - FORMATTED CONTENTS NOTE | |
| Formatted contents note | Part 3. Lecture 25. Forces, forces everywhere -- Lecture 26. Electromagnetism changes everything -- Lecture 27. French insights about heat -- Lecture 28. New institutions of natural science -- Lecture 29. The conservation of what? -- Lecture 30. Culture wars and thermodynamics -- Lecture 31. Scientific materialism at Mid-century -- Lecture 32. The mechanics of molecules -- Lecture 33. Astronomical achievement -- Lecture 34. The extra-terrestrial life fiasco -- Lecture 35. Catching up with light -- Lecture 36. The end of science? |
| 650 #0 - SUBJECT ADDED ENTRY--TOPICAL TERM | |
| Topical term or geographic name as entry element | Science |
| General subdivision | History. |
| 9 (RLIN) | 91069 |
| 710 2# - ADDED ENTRY--CORPORATE NAME | |
| Corporate name or jurisdiction name as entry element | Teaching Company. |
| 9 (RLIN) | 5712390 |
| 830 #0 - SERIES ADDED ENTRY--UNIFORM TITLE | |
| Uniform title | Great courses (Compact disc) |
| 9 (RLIN) | 5712379 |
| 942 ## - ADDED ENTRY ELEMENTS (KOHA) | |
| Koha item type | CD |
| 948 ## - LOCAL PROCESSING INFORMATION (OCLC); SERIES PART DESIGNATOR (RLIN) | |
| Series part designator, SPT (RLIN) | 06/26/2009 |
| b (OCLC) | 07/01/2009 |
| z (OCLC) | Sirsi |
| 994 ## - | |
| -- | 02 |
| -- | WACOL |
| 996 ## - | |
| -- | 71236 |
| -- | 34301000860637 |
| -- | CD |
| -- | CD |
| -- | wcl |
| -- | i |
| -- | 8 |
| -- | 89.98 |
| -- | .CIRCNOTE. 6 discs; 1 booklet |
| -- | .PUBLIC. 6 discs; 1 booklet |
| -- | Teaching Company |
| -- | 501 Gre |
| -- | part 1 |
| -- | 07/01/2009 |
| -- | 08/21/2017 |
| -- | 07/27/2017 |
| 996 ## - | |
| -- | 71236 |
| -- | 34301000860629 |
| -- | CD |
| -- | CD |
| -- | wcl |
| -- | i |
| -- | 6 |
| -- | 89.98 |
| -- | .CIRCNOTE. 6 discs; 1 booklet |
| -- | .PUBLIC. 6 discs; 1 booklet |
| -- | Teaching Company |
| -- | 501 Gre |
| -- | part 2 |
| -- | 07/01/2009 |
| -- | 08/01/2016 |
| -- | 07/21/2016 |
| 996 ## - | |
| -- | 71236 |
| -- | 34301000860611 |
| -- | CD |
| -- | CD |
| -- | wcl |
| -- | i |
| -- | 4 |
| -- | 89.98 |
| -- | .CIRCNOTE. 6 discs; 1 booklet |
| -- | .PUBLIC. 6 discs; 1 booklet |
| -- | Teaching Company |
| -- | 501 Gre |
| -- | part 3 |
| -- | 07/01/2009 |
| -- | 08/01/2016 |
| -- | 07/21/2016 |
| Withdrawn status | Lost status | Source of classification or shelving scheme | Materials specified (bound volume or other part) | Damaged status | Not for loan | Collection code | Home library | Current library | Shelving location | Date acquired | Cost, normal purchase price | Serial Enumeration / chronology | Total Checkouts | Total Renewals | Full call number | Barcode | Date last seen | Date checked out | Cost, replacement price | Price effective from | Koha item type | Public note |
|---|---|---|---|---|---|---|---|---|---|---|---|---|---|---|---|---|---|---|---|---|---|---|
| Dewey Decimal Classification | .CIRCNOTE. 6 discs; 1 booklet | Audiobooks | Wasatch County Library | Wasatch County Library | Second Floor | 07/01/2009 | 89.98 | part 3 | 5 | 2 | CD 501 Gre | 34301000860611 | 07/18/2024 | 01/24/2023 | 89.98 | 03/20/2020 | Audiobook on CD | .PUBLIC. 6 discs; 1 booklet | ||||
| Dewey Decimal Classification | .CIRCNOTE. 6 discs; 1 booklet | Audiobooks | Wasatch County Library | Wasatch County Library | Second Floor | 07/01/2009 | 89.98 | part 2 | 7 | 2 | CD 501 Gre | 34301000860629 | 07/18/2024 | 01/24/2023 | 89.98 | 03/20/2020 | Audiobook on CD | .PUBLIC. 6 discs; 1 booklet | ||||
| Dewey Decimal Classification | .CIRCNOTE. 6 discs; 1 booklet | Audiobooks | Wasatch County Library | Wasatch County Library | Second Floor | 07/01/2009 | 89.98 | part 1 | 10 | 3 | CD 501 Gre | 34301000860637 | 07/18/2024 | 05/09/2024 | 89.98 | 03/20/2020 | Audiobook on CD | .PUBLIC. 6 discs; 1 booklet |
